000 00471nam a2200181Ia 4500
003 GCL
008 140319s9999 xx 000 0 eng d
040 _aGCL /
_cGCL
082 0 4 _a843
_bA C
100 1 _aDAUDET, ALPHONSE
245 1 0 _aCONTES DU LUNDI /
_cDAUDET, ALPHONSE
260 _a[S.N] :
_bLIBRAIRE GENERALE FRANCAISE ،
_c1983
300 _a316 P
490 _aLE LIVRE DE POCHE
_v0
650 0 4 _aLITERATURE
650 0 4 _aFRENCH LITERATURE
942 _2ddc
_cBK
999 _c22105
_d22105